header

The life of Erasmus Darwin (Record no. 47252)

MARC details
000 -LEADER
fixed length control field 01370nam a22003494a 4500
082 04 - DEWEY DECIMAL CLASSIFICATION NUMBER
Classification number 508/.092
-- B
100 1# - MAIN ENTRY--AUTHOR NAME
Personal name Darwin, Charles,
245 14 - TITLE STATEMENT
Title The life of Erasmus Darwin
250 ## - EDITION STATEMENT
Edition statement 1st unabridged ed.
260 ## - PUBLICATION, DISTRIBUTION, ETC. (IMPRINT)
Place of publication New York :
Name of publisher Cambridge University Press,
Year of publication c2003.
300 ## - PHYSICAL DESCRIPTION
Number of Pages xx, 172 p.
500 ## - GENERAL NOTE
General note Originally published: 1879.
650 #0 - SUBJECT ADDED ENTRY--TOPICAL TERM
Topical Term Naturalists
Topical Term Physicians
700 1# - ADDED ENTRY--PERSONAL NAME
Personal name King-Hele, Desmond,
856 40 - ELECTRONIC LOCATION AND ACCESS
Uniform Resource Identifier http://site.ebrary.com/lib/rucke/Doc?id=10063462

No items available.

© 2026 Rongo University
Contact us: librarian | system librarian | Rongo university